Представление документа в формате RUSMARC

ПолеНазваниеЗначение
  Тип записи a
  Библиографический уровень c
001 Контрольный номер RU/SLIB/B/208732688
005 Дата корректировки 20201206204027.9
010 Индекс ISBN __
d Цена 9 470-00
101 Язык документа __
a Язык текста rus
200 Заглавие и сведения об ответственности 0_
a Заглавие Сборник типовых договоров
f Первые сведения об ответственности сост. В.М. Прудников
b Общее обозначение материала Текст
205 Сведения об издании __
a Основные сведения об издании 2-е изд., испр. и доп.
210 Выходные данные __
a Место издания М.
c Издательство ИНФРА-М
d Дата издания 1995
215 Физическое описание __
a Объем 320 с.
606 Тематические рубрики __
a Основная рубрика Обязательственное право
y Географическая подрубрика Россия
610 Ключевые слова __
a Ключевые слова предпринимательское право; купля-продажа; предприниматели; поставки; кредитование; поручение; претензии
686 Индексы других классификаций __
a Классификационный индекс 67.404.201(2Рос); ст67.404
801 Источник записи _0
a Страна RU
b Организация Муниципальное бюджетное учреждение культуры "Централизованная библиотечная система" г. Сургут (Центральная городская библиотека им. А. С. Пушкина)
g Правила каталогизации КиК/Уланова
801 Источник записи _1
a Страна RU
b Организация Муниципальное бюджетное учреждение культуры "Централизованная библиотечная система" г. Сургут (Центральная городская библиотека им. А. С. Пушкина)
g Правила каталогизации КиК/Уланова
852 Данные о местонахождении __
j Шифр хранения 67.404.201(2Рос)
c Каталожный индекс 67.404.2(2Рос)
i Авторский знак С 23
p Инвентарный номер 56158
901 Тип документа __
t Тип документа x
969 Тип издания __
a Тип издания сборник
990 Данные о заказе (DOS) __
j Количество экземпляров (DOS) 1